| 000 | 01437cam a2200361 i 4500 | ||
|---|---|---|---|
| 001 | 22554635 | ||
| 003 | EG-ScBUE | ||
| 005 | 20230924103902.0 | ||
| 008 | 220520s2023 nyu f b 001 0 eng d | ||
| 020 | _a9781501383748 | ||
| 040 |
_aDLC _beng _erda _cDLC _dDLC _dEG-ScBUE |
||
| 043 | _an-us--- | ||
| 082 | 0 | 4 |
_a391.00973 _222 _bPUR |
| 100 | 1 |
_aPurnell, Carolyn, _eauthor. |
|
| 245 | 1 | 0 |
_aBlue jeans / _cCarolyn Purnell. |
| 264 | 1 |
_aNew York : _bBloomsbury Academic, _c2023. |
|
| 300 |
_axii, 143 pages ; _c17 cm. |
||
| 336 |
_atext _btxt _2rdacontent |
||
| 337 |
_aunmediated _bn _2rdamedia |
||
| 338 |
_avolume _bnc _2rdacarrier |
||
| 490 | 0 | _aObject lessons | |
| 504 | _aIncludes bibliographical references and index. | ||
| 520 |
_a"Blue jeans may seem suited to every occasion, but their one-size-fits all appearance hides a history of contradictions"-- _cProvided by publisher. |
||
| 650 | 7 |
_aJeans (Clothing) _xHistory. _2BUEsh |
|
| 650 | 7 |
_aFashion _zUnited States _xHistory. _2BUEsh |
|
| 650 | 7 |
_aClothing and dress _xSocial aspects. _2BUEsh |
|
| 653 |
_cSeptember2023 _bART _2FD |
||
| 655 | _vReading book | ||
| 776 | 0 | 8 |
_iOnline version: _aPurnell, Carolyn. _tBlue jeans _dNew York : Bloomsbury Academic, 2023 _z9781501383755 _w(DLC) 2022023777 |
| 906 |
_a7 _bcbc _corignew _d1 _eecip _f20 _gy-gencatlg |
||
| 942 |
_2ddc _cBB |
||
| 999 |
_c30567 _d30538 |
||